000 00879nam a22002777a 4500
003 DO-SdBPM
005 20250522102206.0
008 171027b2008 sp a 00| 0 spa d
020 _a9788466217057
040 _aDO-SdBPM
_bspa
_cBPMSU
082 4 _a808.83
_bH125 2008
_222
245 0 0 _aHadas /
_cilustración Sandra Aguilar
260 _aMadrid :
_bEditorial Libsa,
_c2008.
_b
300 _a6 p. :
_bil. ;
_c28 cm.
490 0 _aPuzzlefantásticos
500 _aLibro de paginas de cartón duro.
500 _aContiene 6 puzzles de 48 piezas
500 _aLibro rompecabezas.
590 _aInventariado, 2025/VM
650 4 _aCuentos infantiles
_vColecciones
650 4 _aHadas
_vCuentos infantiles
650 4 _aRompecabezas
_vCuentos infantiles
700 1 _aAguilar, Sandra
_eilustraciones
910 _aVMateo V. Control de calidad. BPMSU
942 _2ddc
_cBK
999 _c12707
_d12707